| Tag |
First Indicator |
Second Indicator |
Subfields |
| LEADER |
00000cem a22000007a 4500 |
| 001 |
in00002781942 |
| 005 |
20150922120225.0 |
| 007 |
aj canzn |
| 008 |
120919s1980 ncu a 1 eng d |
| 034 |
1 |
|
|a a
|b 48000
|
| 040 |
|
|
|d UtOrBLW
|
| 052 |
|
|
|a 3904
|b C5
|
| 052 |
|
|
|a 3903
|b M6
|
| 090 |
|
|
|a G3904.C5 1980
|b .C4
|
| 110 |
2 |
|
|a Champion Map Corporation.
|
| 245 |
1 |
0 |
|a Champion map of Charlotte, North Carolina and vicinity /
|c Champion Map corporation.
|
| 246 |
3 |
0 |
|a Charlotte, North Carolina and vicinity
|
| 246 |
1 |
|
|i Panel title:
|a United Carolina Bank welcomes you to Charlotte, Mecklenburg County :
|b city map
|
| 255 |
|
|
|a Scale [ca. 1:48,000].
|
| 264 |
|
1 |
|a Charlotte, N.C. :
|b Champion Map Corp. :
|c [1980]
|
| 264 |
|
2 |
|a Charlotte, N.C. :
|b United Carolina Bank [distributor],
|
| 264 |
|
4 |
|c ©1980
|
| 300 |
|
|
|a 1 map :
|b both sides, color ;
|c 58 x 80 cm., on sheet 60 x 92 cm., folded to 23 x 10 cm.
|
| 336 |
|
|
|a cartographic image
|b cri
|2 rdacontent
|
| 337 |
|
|
|a unmediated
|b n
|2 rdamedia
|
| 338 |
|
|
|a sheet
|b nb
|2 rdacarrier
|
| 500 |
|
|
|a Shows radial distances.
|
| 500 |
|
|
|a Includes indexes and insets of Tega Cay and University of North Carolina at Charlotte, text, statistical data, and map of Mecklenburg County with Inset 'A' .
|
| 500 |
|
|
|a Shows locations of United Carolina Bank offices.
|
| 500 |
|
|
|a "GI-02-FM."
|
| 500 |
|
|
|a Cartographic material.
|
| 651 |
|
0 |
|a Charlotte (N.C.)
|v Maps.
|
| 651 |
|
0 |
|a Mecklenburg County (N.C.)
|v Maps.
|
| 610 |
2 |
0 |
|a University of North Carolina at Charlotte
|v Maps.
|
| 710 |
2 |
|
|a United Carolina Bank.
|
| 948 |
|
|
|a needs original cataloging
|c 2012/9/19
|e smckenzi
|
| 999 |
|
|
|a MARS
|
| 999 |
f |
f |
|s ea1a510f-7106-35dd-b7ea-26d89c0d49e4
|i e7b3f307-9730-34bf-a2c3-7e8f2ea3ac03
|t 0
|
| 952 |
f |
f |
|p normal
|a Texas A&M University
|b College Station
|c Sterling C. Evans Library
|d Evans: Maps (2nd floor)
|t 0
|e G3904.C5 1980 .C4
|h Library of Congress classification
|i unmediated -- sheet
|m A14841392269
|
| 998 |
f |
f |
|a G3904.C5 1980 .C4
|t 0
|l Evans: Maps (2nd floor)
|